000 00643nam a2200205 4500
999 _c171851
_d171851
005 20200122120526.0
010 _aENG-127510
020 _c200.00
_a9788187649120
035 _aEN-111042
037 _bDBAD/PUB
082 _aS
245 _aBhupen Khakhar :
_ctranslated by Ganesh Devy,Naushil Mehta [and] Bina Srinivasan
_bMaganbhai's Glue,Pages From a Diary/
260 _aNew Delhi
_bKatha Urdu Library
_c2001
270 _aA-3 Sarvodaya Enclave Sri Aurobindo Marg
_bNew Delhi
_e110017
300 _a203p.
_c20cm(hb)
700 _aDevy, Ganesh
700 _a Mehta ,Naushi
700 _aSrinivasan,Bina
942 _2ddc
_cEN
_hS
_mBHU